[Event "DM Kandidatklassen 2022"]
[Site "Svendborg"]
[Date "2022.04.12"]
[Round "1"]
[White "Thogersen, Rasmus"]
[Black "Easwaralingam, Adesh"]
[Result "1-0"]
[WhiteElo "2333"]
[BlackElo "2081"]
[PlyCount "65"]
[EventDate "2022.04.12"]
[EventType "swiss"]
[EventRounds "7"]
[EventCountry "DEN"]

1. e4 c5 2. Nc3 Nc6 3. Nge2 e6 4. d4 cxd4 5. Nxd4 Qc7 6. g3 a6 7. Bg2 Nf6 8.
O-O Nxd4 9. Qxd4 Bc5 10. Qd3 d6 11. Bf4 e5 12. Bg5 Be6 13. Bxf6 gxf6 14. Nd5
Bxd5 15. exd5 Qd7 16. Kh1 h5 17. h4 Qg4 18. Kh2 b5 19. Bh3 Qd4 20. Qf5 Qxb2 21.
Qxf6 Rg8 22. a4 b4 23. Rae1 Qc3 24. Re2 Ra7 25. Qf5 Rc7 26. Rd1 Kf8 27. Rd3 Qa1
28. Qxh5 Qxa4 29. Qh6+ Rg7 30. Rf3 Kg8 31. Rf5 Rg6 32. Rg5 Qe8 33. Rxg6+ 1-0

[Event "DM Kandidatklassen 2022"]
[Site "Svendborg"]
[Date "2022.04.12"]
[Round "1"]
[White "Nilssen, Ellen Fredericia"]
[Black "Nielsen, Viktor Haarmark"]
[Result "0-1"]
[WhiteElo "2113"]
[BlackElo "2319"]
[PlyCount "106"]
[EventDate "2022.04.12"]
[EventType "swiss"]
[EventRounds "7"]
[EventCountry "DEN"]

1. d4 d5 2. c4 e6 3. Nc3 Bb4 4. Nf3 Nf6 5. e3 O-O 6. Bd2 b6 7. a3 Be7 8. Rc1
Bb7 9. cxd5 exd5 10. Bd3 Nbd7 11. O-O a6 12. Ne5 Nxe5 13. dxe5 Nd7 14. Bb1 Nxe5
15. Bxh7+ Kxh7 16. Qh5+ Kg8 17. Qxe5 Bd6 18. Qh5 Re8 19. Ne2 Re5 20. Qf3 c5 21.
Bc3 Rg5 22. h4 Rg6 23. h5 Qh4 24. Nf4 Rg5 25. b4 Bxf4 26. Qxf4 Qxf4 27. exf4
Rxh5 28. Rfe1 d4 29. Re7 dxc3 30. Rxb7 cxb4 31. axb4 Rc8 32. Rxb6 Rd5 33. Rxa6
c2 34. Raa1 Rd2 35. Kf1 Re8 36. Re1 Rb8 37. g3 Rxb4 38. Kg2 g6 39. Ra8+ Kg7 40.
Raa1 Rbd4 41. Rec1 R4d3 42. Ra2 Rc3 43. g4 Kf6 44. Ra6+ Ke7 45. f5 gxf5 46.
gxf5 Rd1 47. Raa1 Rxc1 48. Rxc1 Kd6 49. Kf1 Kc5 50. Ke2 Kc4 51. Kd2 Kb3 52. f6
Kb2 53. f4 Rd3+ 0-1

[Event "DM Kandidatklassen 2022"]
[Site "Svendborg"]
[Date "2022.04.12"]
[Round "1"]
[White "Kistrup, Nicolai"]
[Black "Jepsen, Thomas Tange"]
[Result "1-0"]
[WhiteElo "2302"]
[BlackElo "2072"]
[PlyCount "83"]
[EventDate "2022.04.12"]
[EventType "swiss"]
[EventRounds "7"]
[EventCountry "DEN"]

1. d4 d5 2. c4 c6 3. Nf3 Nf6 4. g3 Bf5 5. Nc3 e6 6. Nh4 dxc4 7. Nxf5 exf5 8. e3
Nbd7 9. Bxc4 Nb6 10. Bb3 g6 11. f3 Bg7 12. e4 Qd7 13. a4 fxe4 14. fxe4 Qh3 15.
a5 Nbd7 16. Qf3 O-O 17. e5 Ng4 18. Bf4 c5 19. e6 cxd4 20. exd7 dxc3 21. bxc3
Nxh2 22. Rxh2 Qxh2 23. O-O-O Qh5 24. Qxh5 gxh5 25. Bg5 Rfd8 26. Kc2 Kf8 27. Rd5
f6 28. Be3 b6 29. axb6 axb6 30. Bxb6 Ke7 31. Bc5+ Ke6 32. Rg5+ Kxd7 33. Rxg7+
Kc6 34. Bd4 Rd7 35. Bxf6 Rxg7 36. Bxg7 Ra1 37. Bf7 Ra7 38. Be8+ Kd6 39. Bh6
Ra2+ 40. Kd3 Rh2 41. Bg5 Rh3 42. Bh4 1-0

[Event "DM Kandidatklassen 2022"]
[Site "Svendborg"]
[Date "2022.04.12"]
[Round "1"]
[White "Nielsen, Morten Majlund"]
[Black "Rewitz, Poul"]
[Result "0-1"]
[WhiteElo "2091"]
[BlackElo "2279"]
[PlyCount "118"]
[EventDate "2022.04.12"]
[EventType "swiss"]
[EventRounds "7"]
[EventCountry "DEN"]

1. e4 c6 2. d4 d5 3. Nd2 dxe4 4. Nxe4 Nf6 5. Nxf6+ exf6 6. c3 Bd6 7. Bd3 O-O 8.
Ne2 Re8 9. Qc2 h5 10. Be3 Nd7 11. O-O-O b5 12. Ng3 Nb6 13. Nxh5 Nd5 14. Rde1
Be6 15. Bd2 a5 16. Kb1 a4 17. a3 Qc7 18. Bf5 Nb6 19. Bxe6 fxe6 20. Qg6 Qf7 21.
Qxf7+ Kxf7 22. f4 Nd5 23. Ref1 Rh8 24. Ng3 f5 25. Ne2 Nf6 26. h3 Ne4 27. Be3
Rh6 28. Kc2 Rah8 29. Rhg1 Rg6 30. Rf3 Nf6 31. Nc1 Nd5 32. Nd3 Rh4 33. Bf2 Rh8
34. Be1 Rgh6 35. Bd2 Rh5 36. Rgf1 Nf6 37. Nf2 Rh4 38. Nd3 Ne4 39. Be1 R4h6 40.
Nf2 Nf6 41. Nd1 Rg6 42. Ne3 Nd5 43. Bg3 Rxg3 44. Rxg3 Bxf4 45. Nxd5 Bxg3 46.
Nb4 Rc8 47. Rf3 Bd6 48. Nd3 g5 49. Re3 Rh8 50. Ne5+ Bxe5 51. Rxe5 Rh4 52. Re3
Rf4 53. Re2 Ke7 54. b3 axb3+ 55. Kxb3 Kd6 56. Re3 Rh4 57. Re2 g4 58. hxg4 Rxg4
59. Rf2 c5 0-1

[Event "DM Kandidatklassen 2022"]
[Site "Svendborg"]
[Date "2022.04.12"]
[Round "1"]
[White "Ramsdal, Jens Albert"]
[Black "Kristensen, Peter"]
[Result "1/2-1/2"]
[WhiteElo "2278"]
[BlackElo "2095"]
[PlyCount "140"]
[EventDate "2022.04.12"]
[EventType "swiss"]
[EventRounds "7"]
[EventCountry "DEN"]

1. c4 Nf6 2. Nc3 e6 3. d4 Bb4 4. Qc2 O-O 5. Nf3 d5 6. a3 Bxc3+ 7. Qxc3 dxc4 8.
Qxc4 b6 9. Bg5 Ba6 10. Qa4 Qd7 11. Qc2 c5 12. dxc5 Rc8 13. Bxf6 gxf6 14. b4
bxc5 15. bxc5 Qb5 16. e3 Qxc5 17. Qxc5 Rxc5 18. Rd1 Kf8 19. g3 Bxf1 20. Kxf1
Nc6 21. Kg2 Rd8 22. Rc1 Rxc1 23. Rxc1 Rd6 24. Rc5 Ne5 25. Nxe5 fxe5 26. Ra5 Rd7
27. Rxe5 Kg7 28. Ra5 Rc7 29. Kf3 Kg6 30. Ke4 Kf6 31. h4 Rc4+ 32. Kd3 Rc7 33.
Kd4 h6 34. a4 Ke7 35. Rc5 Rd7+ 36. Kc3 f5 37. a5 Kd6 38. Rc4 Rb7 39. Rd4+ Ke7
40. Rb4 Rc7+ 41. Rc4 Rd7 42. Rc8 Kf6 43. Kc4 Rb7 44. Kc5 Ke5 45. f4+ Kf6 46.
Kd6 Rb5 47. Rc5 Rb3 48. Re5 Rd3+ 49. Kc6 Rb3 50. h5 a6 51. Kc5 Ke7 52. Kc4 Ra3
53. Kb4 Rd3 54. Kc4 Ra3 55. Kd4 Ra4+ 56. Kd3 Ra2 57. e4 Ra3+ 58. Kd4 Ra4+ 59.
Ke3 Ra3+ 60. Kf2 fxe4 61. Kg2 Kf6 62. g4 Ra2+ 63. Kf1 e3 64. Rxe3 Rxa5 65. Kf2
e5 66. fxe5+ Rxe5 67. Rc3 a5 68. Kf3 Re6 69. Rc4 Ra6 70. Ra4 Kg5 1/2-1/2

[Event "DM Kandidatklassen 2022"]
[Site "Svendborg"]
[Date "2022.04.12"]
[Round "1"]
[White "Meskenas, Paulius"]
[Black "Jacobsen, Mikkel Manosri"]
[Result "1-0"]
[WhiteElo "2110"]
[BlackElo "2255"]
[PlyCount "81"]
[EventDate "2022.04.12"]
[EventType "swiss"]
[EventRounds "7"]
[EventCountry "DEN"]

1. e4 c6 2. d4 d5 3. Nc3 dxe4 4. Nxe4 Bf5 5. Ng3 Bg6 6. Nf3 Nd7 7. Bd3 e6 8.
O-O Bd6 9. c4 Ngf6 10. b3 Qc7 11. Bb2 O-O-O 12. Qc2 Kb8 13. Rad1 Nh5 14. Rfe1
Nf4 15. Bxg6 hxg6 16. Ne4 Be7 17. h3 Rh5 18. Qd2 g5 19. Bc1 f6 20. Ng3 Rhh8 21.
Qc3 Bd6 22. Ne4 Nf8 23. Nxd6 Qxd6 24. Qe3 N8g6 25. Kf1 Rde8 26. Qc3 g4 27. hxg4
Rh1+ 28. Ng1 Nxg2 29. Re4 N2f4 30. Qf3 Rxg1+ 31. Kxg1 e5 32. dxe5 Nxe5 33. Rxe5
Nh3+ 34. Kg2 Qxe5 35. Qxh3 Qe2 36. Qf3 Qxa2 37. Bf4+ Ka8 38. Qe4 Rh8 39. Qe7 a5
40. Rd8+ Rxd8 41. Qxd8+ 1-0

[Event "DM Kandidatklassen 2022"]
[Site "Svendborg"]
[Date "2022.04.12"]
[Round "1"]
[White "Parra Becerra, Edgar Andre"]
[Black "Gjesme, Marius Enevold"]
[Result "1/2-1/2"]
[WhiteElo "2223"]
[BlackElo "2005"]
[PlyCount "117"]
[EventDate "2022.04.12"]
[EventType "swiss"]
[EventRounds "7"]
[EventCountry "DEN"]

1. Nf3 Nf6 2. c4 g6 3. Nc3 Bg7 4. e4 O-O 5. d4 d6 6. Be2 e5 7. O-O Nc6 8. d5
Ne7 9. Ne1 Nd7 10. f3 f5 11. g4 a5 12. Nd3 b6 13. Bd2 Nc5 14. h4 Qd7 15. Nf2 f4
16. Kg2 Kf7 17. Rh1 h5 18. g5 Ba6 19. Nd3 Rfb8 20. b3 c6 21. Nxc5 bxc5 22. Qf1
Bc8 23. Na4 Qc7 24. Qe1 Bd7 25. Nc3 Bf8 26. Qc1 Nc8 27. Rd1 Be7 28. Kh2 Nb6 29.
Bf1 Qd8 30. Bh3 Be8 31. Be6+ Kg7 32. Rg1 a4 33. Qc2 Ra7 34. Ne2 Rba8 35. Rab1
axb3 36. axb3 cxd5 37. exd5 Bd7 38. Bxd7 Qxd7 39. Nc3 Ra3 40. Ne4 Kf7 41. Rg2
Qf5 42. Bc3 Qc8 43. Bb2 Ra2 44. Nc3 R2a5 45. Rgg1 R8a6 46. Ra1 Qa8 47. Rxa5
Rxa5 48. Qg2 Bd8 49. Ne4 Bc7 50. Qh3 Qc8 51. Ra1 Qxh3+ 52. Kxh3 Nc8 53. Rd1 Ke7
54. Bc3 Ra3 55. Rb1 Kd8 56. Kh2 Ra2+ 57. Kh3 Ra3 58. Kh2 Ra2+ 59. Kh3 1/2-1/2

[Event "DM Kandidatklassen 2022"]
[Site "Svendborg"]
[Date "2022.04.12"]
[Round "1"]
[White "Steffensen, Elena"]
[Black "Thuesen, Mogens Henrik"]
[Result "0-1"]
[WhiteElo "2059"]
[BlackElo "2224"]
[PlyCount "66"]
[EventDate "2022.04.12"]
[EventType "swiss"]
[EventRounds "7"]
[EventCountry "DEN"]

1. e4 c5 2. Nc3 e6 3. g3 d5 4. d3 b5 5. e5 b4 6. Nce2 Nc6 7. f4 Nh6 8. Nf3 Nf5
9. Bg2 Bb7 10. g4 Nh4 11. Nxh4 Qxh4+ 12. Ng3 Qd8 13. Be3 Be7 14. Qe2 Qc7 15.
Bf2 g5 16. O-O gxf4 17. Nh5 Qxe5 18. Qd2 Rg8 19. Rae1 Qg5 20. Qxf4 Qxf4 21.
Nxf4 Rxg4 22. Bg3 Nd4 23. c4 bxc3 24. bxc3 Nf5 25. Nxe6 fxe6 26. Rxe6 Nxg3 27.
hxg3 Rxg3 28. Kh2 Rg6 29. Re5 Kd8 30. Rh5 Bd6+ 31. Kh1 h6 32. Rf7 Rb8 33. Bh3
d4+ 0-1

[Event "DM Kandidatklassen 2022"]
[Site "Svendborg"]
[Date "2022.04.12"]
[Round "1"]
[White "Stojanovski, Sandi"]
[Black "Nielsen, Philip"]
[Result "0-1"]
[WhiteElo "2242"]
[BlackElo "1968"]
[PlyCount "36"]
[EventDate "2022.04.12"]
[EventType "swiss"]
[EventRounds "7"]
[EventCountry "DEN"]

1. Nf3 d5 2. e3 Bf5 3. c4 e6 4. cxd5 exd5 5. Qb3 Bc8 6. e4 c6 7. Nc3 Nf6 8.
exd5 cxd5 9. Bb5+ Nc6 10. O-O a6 11. Qa4 Bd7 12. Bxc6 Bxc6 13. Qd4 Be7 14. Ne5
O-O 15. b3 Nd7 16. Nxc6 bxc6 17. Qa4 Qc7 18. d4 a5 0-1

[Event "DM Kandidatklassen 2022"]
[Site "Svendborg"]
[Date "2022.04.12"]
[Round "1"]
[White "Falkesgaard, Jeppe Hald"]
[Black "Rendboe, John Filip"]
[Result "1-0"]
[WhiteElo "2000"]
[BlackElo "2199"]
[PlyCount "105"]
[EventDate "2022.04.12"]
[EventType "swiss"]
[EventRounds "7"]
[EventCountry "DEN"]

1. d4 d5 2. c4 c6 3. Nc3 Nf6 4. e3 g6 5. Nf3 Bg7 6. b3 O-O 7. Be2 Ne4 8. Bb2
Nd7 9. O-O Ndf6 10. Nxe4 Nxe4 11. Nd2 Bf5 12. Nxe4 Bxe4 13. Qd2 Re8 14. Qb4 a5
15. Qa4 e5 16. Rfd1 exd4 17. Bxd4 Bxd4 18. Rxd4 Qg5 19. Bf1 c5 20. Rdd1 Bf3 21.
Re1 Re4 22. Qd7 Rg4 23. g3 d4 24. exd4 Rxd4 25. Qc7 Bc6 26. Bg2 Rd7 27. Qe5
Qxe5 28. Rxe5 Bxg2 29. Kxg2 a4 30. Rae1 axb3 31. axb3 b6 32. R1e3 Ra2 33. Re8+
Kg7 34. Rb8 Ra6 35. h4 h5 36. Re5 Kf6 37. Ree8 Rd3 38. Rb7 Rxb3 39. Ree7 Ra2
40. Rxf7+ Ke5 41. Rf4 Rc2 42. Re7+ Kd6 43. Rg7 Rb4 44. Rxg6+ Ke7 45. Rf5 Rbb2
46. Rc6 Rxc4 47. Rxh5 Kd7 48. Rhh6 Rcc2 49. Rcf6 c4 50. Rf7+ Ke8 51. Rhh7 c3
52. Rb7 Rxf2+ 53. Kh3 1-0

[Event "DM Kandidatklassen 2022"]
[Site "Svendborg"]
[Date "2022.04.12"]
[Round "1"]
[White "Hoyer, Jacob K"]
[Black "Iskos, Lukas"]
[Result "1-0"]
[WhiteElo "2212"]
[BlackElo "2052"]
[PlyCount "149"]
[EventDate "2022.04.12"]
[EventType "swiss"]
[EventRounds "7"]
[EventCountry "DEN"]

1. d4 Nf6 2. c4 e6 3. Nc3 d5 4. cxd5 exd5 5. Bg5 Be7 6. e3 c6 7. Bd3 Nbd7 8.
Nge2 O-O 9. O-O Re8 10. Qc2 Nf8 11. Rab1 a5 12. a3 Bd7 13. b4 axb4 14. axb4 b5
15. Qb2 Ne6 16. Bh4 Qb6 17. f3 Ra7 18. Bf2 Rea8 19. h3 Nc7 20. e4 Na6 21. Na2
Nc7 22. Nac3 Na6 23. Na2 Nc7 24. Nec3 Nh5 25. Qd2 h6 26. Nc1 Ra3 27. N1e2 Na6
28. exd5 Nxb4 29. dxc6 Nxd3 30. Qxd3 Qxc6 31. Qxb5 Qxb5 32. Nxb5 Ra2 33. Nbc3
Rc2 34. Rb7 Nf6 35. Rfb1 Ra3 36. R7b3 Rxb3 37. Rxb3 Be6 38. Rb7 Bd6 39. Kf1 Bc4
40. Ke1 Nd5 41. Kd1 Rxc3 42. Nxc3 Nxc3+ 43. Ke1 Nd5 44. Bg1 Nf4 45. Rd7 Bb4+
46. Kf2 Bc3 47. Kg3 Nh5+ 48. Kh2 Be1 49. d5 Bg3+ 50. Kh1 Nf4 51. d6 Ne6 52. Bh2
Bxh2 53. Kxh2 Kf8 54. Kg3 Bd5 55. Kf2 Bc6 56. Re7 Nd4 57. Rc7 Ke8 58. g4 Bd7
59. Rb7 f6 60. f4 g6 61. Rb8+ Kf7 62. Rh8 h5 63. Ke3 Nb5 64. gxh5 gxh5 65. Rxh5
Nxd6 66. Rh7+ Ke6 67. h4 Bc6 68. h5 Kf5 69. h6 Bd5 70. Rd7 Nc4+ 71. Kd4 Bg8 72.
Rg7 Bh7 73. Rxh7 Kg6 74. Ra7 Nd6 75. h7 1-0

[Event "DM Kandidatklassen 2022"]
[Site "Svendborg"]
[Date "2022.04.12"]
[Round "1"]
[White "Wahlgreen, Noah Krug"]
[Black "Haubro, Sigfred"]
[Result "1/2-1/2"]
[WhiteElo "2011"]
[BlackElo "2192"]
[PlyCount "82"]
[EventDate "2022.04.12"]
[EventType "swiss"]
[EventRounds "7"]
[EventCountry "DEN"]

1. e4 Nf6 2. Nc3 d6 3. Bc4 c6 4. d4 b5 5. Bd3 e5 6. dxe5 dxe5 7. Nf3 Qc7 8. h3
Nbd7 9. Ne2 Nc5 10. Ng3 Nxd3+ 11. cxd3 Be7 12. O-O O-O 13. b3 Bd6 14. Re1 Re8
15. Be3 Be6 16. Ng5 Rad8 17. Nxe6 Rxe6 18. Qc2 Qa5 19. a4 a6 20. Bd2 Bb4 21.
axb5 Qxb5 22. Bxb4 Qxb4 23. Red1 Qb5 24. Qc4 Rd4 25. Qc3 g6 26. Ra5 Qb4 27. Rc1
Red6 28. Rxa6 Qb5 29. Rxc6 Rxd3 30. Qc5 Qxc5 31. R1xc5 Rxc6 32. Rxc6 Kg7 33.
Rc5 Rxb3 34. Rxe5 Rb1+ 35. Nf1 Nh5 36. g3 Re1 37. Kg2 Nf6 38. Ne3 Ra1 39. Nd5
Ra5 40. Re7 Nxd5 41. exd5 Rxd5 1/2-1/2

[Event "DM Kandidatklassen 2022"]
[Site "Svendborg"]
[Date "2022.04.12"]
[Round "1"]
[White "Liu, Casper Yukun"]
[Black "Andries, Alf"]
[Result "1-0"]
[WhiteElo "2181"]
[BlackElo "2019"]
[PlyCount "59"]
[EventDate "2022.04.12"]
[EventType "swiss"]
[EventRounds "7"]
[EventCountry "DEN"]

1. d4 Nf6 2. Nf3 e6 3. Bf4 c5 4. c3 d5 5. e3 Bd6 6. Bg3 Qc7 7. dxc5 Bxg3 8.
hxg3 Qxc5 9. g4 Ne4 10. Bd3 Bd7 11. Qc2 Bc6 12. Nbd2 Nxd2 13. Kxd2 h6 14. g5
Qe7 15. gxh6 Rxh6 16. Rxh6 gxh6 17. Be2 Nd7 18. Rh1 O-O-O 19. Rxh6 Nf6 20. Nd4
Ne4+ 21. Kc1 Qg5 22. Rh7 Qg6 23. Nxc6 bxc6 24. Rh2 Qg5 25. Qa4 Kb8 26. Qb4+ Kc7
27. Rh7 Nd6 28. Qc5 Ra8 29. Bb5 Qe7 30. Qxc6+ 1-0

[Event "DM Kandidatklassen 2022"]
[Site "Svendborg"]
[Date "2022.04.12"]
[Round "1"]
[White "Koch Mueller, Oscar"]
[Black "Le Besq, Alexander"]
[Result "0-1"]
[WhiteElo "2015"]
[BlackElo "2164"]
[PlyCount "88"]
[EventDate "2022.04.12"]
[EventType "swiss"]
[EventRounds "7"]
[EventCountry "DEN"]

1. d4 Nf6 2. c4 g6 3. Nc3 Bg7 4. e4 d6 5. h3 O-O 6. Bg5 c5 7. d5 e6 8. Bd3 exd5
9. exd5 Nbd7 10. Nf3 Re8+ 11. Be3 Ne5 12. Nxe5 Rxe5 13. O-O a6 14. Bf4 Re8 15.
Qd2 Qc7 16. Bh6 Bh8 17. f4 b5 18. f5 bxc4 19. fxg6 hxg6 20. Bc2 Bb7 21. Rf3 Re5
22. Raf1 Nxd5 23. Qf2 Re7 24. Nxd5 Bxd5 25. Rf6 Rae8 26. Bxg6 fxg6 27. Rxg6+
Bg7 28. Qg3 Be4 29. Rg5 Kh7 30. Bxg7 Rxg7 31. Qh4+ Kg8 32. g4 Rxg5 33. Qxg5+
Qg7 34. Qf6 Qxf6 35. Rxf6 Rd8 36. Re6 d5 37. Kf2 Kf7 38. Rxa6 d4 39. Ke2 Rh8
40. Ra5 Rxh3 41. Rxc5 Rh2+ 42. Ke1 d3 43. Rc7+ Ke6 44. Rxc4 d2+ 0-1

[Event "DM Kandidatklassen 2022"]
[Site "Svendborg"]
[Date "2022.04.12"]
[Round "1"]
[White "Christensen, Janus"]
[Black "Medhus, Vitus Bondo"]
[Result "0-1"]
[WhiteElo "2144"]
[BlackElo "2016"]
[PlyCount "60"]
[EventDate "2022.04.12"]
[EventType "swiss"]
[EventRounds "7"]
[EventCountry "DEN"]

1. e4 c5 2. Nf3 Nc6 3. d4 cxd4 4. Nxd4 e5 5. Nb5 d6 6. c4 Be7 7. Bd3 Be6 8.
N1c3 a6 9. Na3 Bg5 10. O-O Bxc1 11. Rxc1 Nh6 12. Nc2 O-O 13. Ne3 g6 14. Qd2 Qg5
15. Be2 Rad8 16. g3 Bh3 17. f4 exf4 18. Rxf4 Ne5 19. Ncd5 f5 20. Rh4 Bg4 21.
Nf4 Bxe2 22. Qxe2 fxe4 23. Ne6 Qe7 24. Rxh6 Qxe6 25. Nd5 Nd3 26. Rd1 Qe5 27.
Rh4 Rde8 28. Qe3 Nxb2 29. Rd4 Nxc4 30. Qxe4 Nd2 0-1

[Event "DM Kandidatklassen 2022"]
[Site "Svendborg"]
[Date "2022.04.12"]
[Round "1"]
[White "Jarlskov, Daniel Tuk Hartso"]
[Black "Lofgren, Claes"]
[Result "1/2-1/2"]
[WhiteElo "1995"]
[BlackElo "2071"]
[PlyCount "42"]
[EventDate "2022.04.12"]
[EventType "swiss"]
[EventRounds "7"]
[EventCountry "DEN"]

1. c4 c5 2. b3 Nc6 3. Bb2 Nf6 4. g3 e6 5. Nf3 d5 6. cxd5 exd5 7. d4 Be7 8. Bg2
O-O 9. O-O Be6 10. Nc3 Ne4 11. Nxe4 dxe4 12. Ne5 Nxd4 13. Bxe4 Bd5 14. Bxd5
Qxd5 15. e3 Qxe5 16. exd4 Qf5 17. Qe2 Bf6 18. dxc5 Rfe8 19. Qd2 Rad8 20. Qc1
Bxb2 21. Qxb2 Qxc5 1/2-1/2

[Event "DM Kandidatklassen 2022"]
[Site "Svendborg"]
[Date "2022.04.13"]
[Round "2"]
[White "Le Besq, Alexander"]
[Black "Thogersen, Rasmus"]
[Result "1/2-1/2"]
[WhiteElo "2164"]
[BlackElo "2333"]
[PlyCount "140"]
[EventDate "2022.04.12"]
[EventType "swiss"]
[EventRounds "7"]
[EventCountry "DEN"]

1. e4 c5 2. Nf3 d6 3. d4 cxd4 4. Nxd4 Nf6 5. Nc3 a6 6. Be2 e5 7. Nb3 Be6 8. f4
Be7 9. f5 Bc8 10. Be3 b5 11. Bf3 Bb7 12. Qd2 Nbd7 13. g4 b4 14. Nd5 Nxd5 15.
exd5 Bh4+ 16. Bf2 O-O 17. Qxb4 e4 18. O-O exf3 19. Qxb7 Qg5 20. Qb4 Rae8 21.
Nd2 Ne5 22. Bxh4 Qxh4 23. Qf4 f2+ 24. Qxf2 Qxf2+ 25. Rxf2 Nxg4 26. Rg2 Ne3 27.
Re2 Nxc2 28. Rxe8 Rxe8 29. Rc1 Nd4 30. Kf1 Nxf5 31. Rc6 g5 32. Rxa6 Re5 33. Nf3
Re3 34. Kf2 Rd3 35. b4 g4 36. Ng5 Rd2+ 37. Kg1 Nh4 38. Rxd6 Kg7 39. b5 h6 40.
Ne4 Nf3+ 41. Kf1 Nxh2+ 42. Kg1 Rb2 43. Ng3 Nf3+ 44. Kf1 f6 45. Re6 Rxb5 46.
Nh5+ Kg6 47. Nxf6 Kf5 48. Nxg4 Kxg4 49. Rxh6 Rxd5 50. Ke2 Rd2+ 51. Ke3 Rxa2 52.
Rh8 Ra3+ 53. Ke4 Ng5+ 54. Kd4 Ra4+ 55. Ke3 Kf5 56. Rf8+ Ke5 57. Re8+ Ne6 58.
Kd3 Ra3+ 59. Ke2 Kd5 60. Kd2 Nc5 61. Rd8+ Kc4 62. Ke2 Ne6 63. Re8 Nf4+ 64. Kf2
Kd4 65. Rd8+ Nd5 66. Ke2 Re3+ 67. Kf2 Re7 68. Ra8 Rf7+ 69. Kg3 Nc3 70. Kg4 Nd5
1/2-1/2

[Event "DM Kandidatklassen 2022"]
[Site "Svendborg"]
[Date "2022.04.13"]
[Round "2"]
[White "Nielsen, Viktor Haarmark"]
[Black "Liu, Casper Yukun"]
[Result "0-1"]
[WhiteElo "2319"]
[BlackElo "2181"]
[PlyCount "92"]
[EventDate "2022.04.12"]
[EventType "swiss"]
[EventRounds "7"]
[EventCountry "DEN"]

1. d4 d5 2. c4 dxc4 3. Nf3 Nf6 4. e3 Bg4 5. Bxc4 e6 6. Nc3 Nc6 7. h3 Bh5 8. Qe2
a6 9. Bd2 Na5 10. Bd3 c5 11. dxc5 Bxc5 12. g4 Bg6 13. e4 Nc6 14. O-O Qc7 15.
Be3 Bxe3 16. Qxe3 h5 17. g5 Ng4 18. hxg4 hxg4 19. Nd5 exd5 20. exd5+ Kf8 21.
Qc5+ Kg8 22. d6 Qd7 23. Bxg6 gxf3 24. Bf5 Qd8 25. Bg4 Nd4 26. Rfe1 Rh4 27. Qxd4
Qxg5 28. Re4 Rc8 29. Rf4 Qh6 30. Bxf3 Rxf4 31. Qd5 Qg6+ 32. Kf1 Qf6 33. d7 Rf8
34. Rd1 Rxf3 35. d8=Q Rxf2+ 36. Kg1 Rxd8 37. Qxd8+ Kh7 38. Qxf6 Rxf6 39. Rd7 b5
40. Kg2 g5 41. Kg3 Kg6 42. a4 bxa4 43. Rd4 Rf4 44. Rd6+ f6 45. Rxa6 Rb4 46. Kf3
g4+ 0-1

[Event "DM Kandidatklassen 2022"]
[Site "Svendborg"]
[Date "2022.04.13"]
[Round "2"]
[White "Nielsen, Philip"]
[Black "Kistrup, Nicolai"]
[Result "0-1"]
[WhiteElo "1968"]
[BlackElo "2302"]
[PlyCount "122"]
[EventDate "2022.04.12"]
[EventType "swiss"]
[EventRounds "7"]
[EventCountry "DEN"]

1. d4 Nf6 2. Bf4 g6 3. Nc3 d5 4. e3 Bg7 5. Nb5 Na6 6. Nc3 Nb8 7. Nb5 Na6 8. Nc3
O-O 9. Bxa6 bxa6 10. Nf3 Bg4 11. h3 Bxf3 12. Qxf3 c5 13. Be5 cxd4 14. exd4 e6
15. O-O Nd7 16. Bxg7 Kxg7 17. Qd3 Qb6 18. Rab1 Rfc8 19. Rfe1 Rc4 20. Ne2 Rac8
21. c3 Ra4 22. Nc1 Qa5 23. Qd2 Nb6 24. b3 Ra3 25. Re3 Nd7 26. Rb2 Nf6 27. f3
Nd7 28. Rc2 Qb6 29. Nd3 Ra5 30. Nb4 e5 31. a4 Rb8 32. Rd3 exd4 33. Rxd4 Rc5 34.
Nd3 Rc6 35. b4 Rbc8 36. Nb2 Nf6 37. Kh1 a5 38. b5 Rc5 39. Rd3 a6 40. bxa6 Qxa6
41. Rc1 Qb6 42. Nd1 Nh5 43. g4 Nf6 44. g5 Nh5 45. Rxd5 Ng3+ 46. Kg2 Ne2 47.
Rxc5 Qxc5 48. Qxe2 Qxg5+ 49. Kh2 Qxc1 50. Qe5+ Kg8 51. Qd4 h5 52. f4 h4 53. Kg2
Qc2+ 54. Kf3 Qh2 55. Qd7 Qg3+ 56. Ke2 Rc4 57. Qe8+ Kg7 58. Qe5+ Kh7 59. Ne3
Rxf4 60. Qe7 Qxh3 61. Nd5 Qf3+ 0-1

[Event "DM Kandidatklassen 2022"]
[Site "Svendborg"]
[Date "2022.04.13"]
[Round "2"]
[White "Rewitz, Poul"]
[Black "Meskenas, Paulius"]
[Result "1/2-1/2"]
[WhiteElo "2279"]
[BlackElo "2110"]
[PlyCount "178"]
[EventDate "2022.04.12"]
[EventType "swiss"]
[EventRounds "7"]
[EventCountry "DEN"]

1. b4 d5 2. Bb2 Bf5 3. Nf3 e6 4. e3 Nf6 5. a3 c5 6. Bb5+ Nbd7 7. Bxf6 Qxf6 8.
d4 cxd4 9. exd4 Bd6 10. c4 dxc4 11. O-O Rd8 12. Nbd2 O-O 13. Qa4 c3 14. Nc4 Nb6
15. Nxb6 axb6 16. Qb3 Rc8 17. Rfc1 c2 18. Bd3 Bg4 19. Ne5 Bxe5 20. dxe5 Qxe5
21. Bxc2 Rfd8 22. h3 Bf5 23. Bxf5 Qxf5 24. Qf3 Qxf3 25. gxf3 Kf8 26. Kg2 Ke7
27. Rab1 Rc6 28. a4 Rd4 29. Rxc6 bxc6 30. a5 bxa5 31. bxa5 Ra4 32. Rb7+ Kf6 33.
Rc7 Rxa5 34. Rxc6 Ra4 35. Rc7 g5 36. Rb7 h5 37. Rc7 g4 38. fxg4 hxg4 39. hxg4
Rxg4+ 40. Kf3 Ra4 41. Ke3 e5 42. Rb7 Ke6 43. f3 Ra3+ 44. Ke2 f6 45. Rb6+ Kf5
46. Rb4 Kg5 47. Rg4+ Kf5 48. Rb4 Ra2+ 49. Ke3 Rg2 50. Rb8 Rg1 51. Kf2 Rd1 52.
Kg3 Rd4 53. Re8 Rd7 54. Ra8 Kg5 55. Rg8+ Kf5 56. Ra8 Rg7+ 57. Kf2 Kg5 58. Ra4
f5 59. Kg3 f4+ 60. Kf2 Rb7 61. Ra8 Rb2+ 62. Kf1 Rh2 63. Kg1 Rc2 64. Kf1 Rb2 65.
Kg1 Kf6 66. Ra6+ Kg5 67. Ra8 Kf5 68. Ra6 Rb5 69. Kf2 e4 70. fxe4+ Kxe4 71. Ra3
Rb2+ 72. Kf1 Kf5 73. Kg1 Kg4 74. Kf1 Kf5 75. Kg1 Ke4 76. Kf1 Rc2 77. Kg1 Re2
78. Kf1 Re3 79. Ra2 Kf3 80. Rf2+ Kg4 81. Rg2+ Rg3 82. Ra2 Rh3 83. Rg2+ Kf3 84.
Rf2+ Ke4 85. Ra2 f3 86. Ra8 Rh1+ 87. Kf2 Rh2+ 88. Kf1 Rh5 89. Kf2 Rh2+ 1/2-1/2

[Event "DM Kandidatklassen 2022"]
[Site "Svendborg"]
[Date "2022.04.13"]
[Round "2"]
[White "Thuesen, Mogens Henrik"]
[Black "Falkesgaard, Jeppe Hald"]
[Result "1-0"]
[WhiteElo "2224"]
[BlackElo "2000"]
[PlyCount "65"]
[EventDate "2022.04.12"]
[EventType "swiss"]
[EventRounds "7"]
[EventCountry "DEN"]

1. d4 Nf6 2. c4 g6 3. Nc3 Bg7 4. e4 d6 5. Nf3 O-O 6. Be2 e5 7. O-O Nc6 8. d5
Ne7 9. b4 Nh5 10. c5 Nf4 11. a4 f5 12. Bc4 fxe4 13. Nxe4 h6 14. Ra3 Bg4 15. h3
Bf5 16. Re1 g5 17. Ng3 Bg6 18. a5 Kh8 19. b5 b6 20. cxb6 cxb6 21. axb6 axb6 22.
Qb3 Rxa3 23. Bxa3 Qd7 24. Nd2 h5 25. Nge4 Nf5 26. Nxg5 Nd4 27. Qg3 Bh6 28. Bb2
Nf5 29. Qxf4 Qe7 30. Ndf3 Ng7 31. Nf7+ Qxf7 32. Qxh6+ Kg8 33. Qd2 1-0

[Event "DM Kandidatklassen 2022"]
[Site "Svendborg"]
[Date "2022.04.13"]
[Round "2"]
[White "Medhus, Vitus Bondo"]
[Black "Hoyer, Jacob K"]
[Result "1/2-1/2"]
[WhiteElo "2016"]
[BlackElo "2212"]
[PlyCount "35"]
[EventDate "2022.04.12"]
[EventType "swiss"]
[EventRounds "7"]
[EventCountry "DEN"]

1. e4 c5 2. Nc3 Nc6 3. f4 e6 4. Nf3 Nge7 5. e5 d6 6. exd6 Qxd6 7. d3 Nf5 8. Ne4
Qc7 9. c3 b6 10. g3 Be7 11. Bg2 O-O 12. O-O Rd8 13. Qe2 Ba6 14. Rd1 Rd7 15. Ne5
Nxe5 16. fxe5 Rad8 17. Nf2 Bb7 18. Be4 1/2-1/2

[Event "DM Kandidatklassen 2022"]
[Site "Svendborg"]
[Date "2022.04.13"]
[Round "2"]
[White "Gjesme, Marius Enevold"]
[Black "Ramsdal, Jens Albert"]
[Result "1-0"]
[WhiteElo "2005"]
[BlackElo "2278"]
[PlyCount "47"]
[EventDate "2022.04.12"]
[EventType "swiss"]
[EventRounds "7"]
[EventCountry "DEN"]

1. e4 c5 2. Nf3 Nc6 3. Bb5 e6 4. O-O Nge7 5. Re1 a6 6. Bf1 d5 7. e5 Qc7 8. c3
Ng6 9. d4 Be7 10. g3 cxd4 11. cxd4 f6 12. h4 fxe5 13. h5 Nf8 14. Nxe5 Nxe5 15.
dxe5 Bd7 16. Nd2 O-O-O 17. Nf3 Kb8 18. Be3 Rc8 19. Rc1 Qa5 20. Qd4 Rc6 21. Qa7+
Kc7 22. Nd4 Bb4 23. Nxc6 Bxc6 24. Rxc6+ 1-0